000 00282nam a22001217a 4500
005 20250901165812.0
008 250327b |||||||| |||| 00| 0 eng d
020 _a9789966362100
050 _aPL 8704 .M64 2015
245 _aPaka Wa Bibi
_cMOHAMED SAID
300 _a101
942 _2lcc
999 _c9426
_d9426